Catálogo
 En Linea

Textes : (Registro nro. 17764)

Detalles MARC
000 -CABECERA
campo de control de longitud fija 00763cam a2200241 a 4500
001 - NÚMERO DE CONTROL
campo de control 000018243
005 - FECHA Y HORA DE LA ÚLTIMA TRANSACCIÓN
campo de control 20200929165422.0
008 - DATOS DE LONGITUD FIJA--INFORMACIÓN GENERAL
campo de control de longitud fija 790709s1974 xxc b 000 0afre d
020 ## - NÚMERO INTERNACIONAL ESTÁNDAR DEL LIBRO
Número Internacional Estándar del Libro 0885120779
035 ## - NÚMERO DE CONTROL DEL SISTEMA
Número de control de sistema (DLC) 79356837
040 ## - FUENTE DE LA CATALOGACIÓN
Centro catalogador/agencia de origen DO-SdBNP
Lengua de catalogación fre
Centro/agencia transcriptor DLC
Centro/agencia modificador DLC
-- BNPHU
082 ## - NÚMERO DE LA CLASIFICACIÓN DECIMAL DEWEY
Número de clasificación 759.11
Número de documento/Ítem B729t
049 ## - FONDOS LOCALES (OCLC)
Fondos de biblioteca BNGR
100 1# - ENTRADA PRINCIPAL--NOMBRE DE PERSONA
Nombre de persona Borduas, Paul-Émile,
Fechas asociadas al nombre 1905-1960.
9 (RLIN) 39507
245 10 - MENCIÓN DE TÍTULO
Título Textes :
Resto del título refus global, projections liberantes /
Mención de responsabilidad, etc. Paul-Émile Borduas.
260 ## - PUBLICACIÓN, DISTRIBUCIÓN, ETC.
Lugar de publicación, distribución, etc. Montreal :
Nombre del editor, distribuidor, etc. Parti pris,
Fecha de publicación, distribución, etc. 1974.
300 ## - DESCRIPCIÓN FÍSICA
Extensión 70 p. ;
Dimensiones 20 cm.
490 1# - MENCIÓN DE SERIE
Mención de serie Paroles
Designación de volumen o secuencia 34
650 #4 - PUNTO DE ACCESO ADICIONAL DE MATERIA--TÉRMINO DE MATERIA
Término de materia o nombre geográfico como elemento de entrada Pintores canadiense
Subdivisión general Biografía
9 (RLIN) 39508
650 #4 - PUNTO DE ACCESO ADICIONAL DE MATERIA--TÉRMINO DE MATERIA
Término de materia o nombre geográfico como elemento de entrada Arte canadiense
Subdivisión geográfica Quebec (Provincia{Rpara}
9 (RLIN) 39509
830 #0 - PUNTO DE ACCESO ADICIONAL DE SERIE-TÍTULO UNIFORME
Título uniforme Paroles ;
Designación de volumen o secuencia 34.
9 (RLIN) 39510
910 ## - DATOS DE OPCIÓN DEL USUARIO (OCLC)
Datos de opción del usuario Catalogación derivada
Existencias
Estado de retiro Estado de pérdida Restricciones de uso No para préstamo Código de colección Localización permanente Ubicación/localización actual Ubicación en estantería Fecha de adquisición Número de inventario Total de préstamos Signatura topográfica completa Código de barras Fecha visto por última vez Precio válido a partir de Tipo de ítem Koha
        Monografías: Libros y Folletos General General En catalogación 22.04.2010 LF1   759.11 B729t 18243-10 25.06.2020 25.06.2020 Préstamo en sala

Con tecnología Koha